000 01555cam a2200409 i 4500
001 69053
003 Mx-PuUPA
005 20240410104309.0
008 200506s2016 mx a|||gr|||| 00| f spa d
020 _a9786073149556
040 _aMx-PuUPA
_bspa
_cMx-PuUPA
_dMx-PuUPA
_erda
041 1 _aspa
_heng
100 1 _911062
_aRiggs, Ransom,
_d1979-
_eautor
240 1 0 _aTales of the peculiar.
_lEspañol
245 1 0 _aCuentos extraños para niños peculiares /
_cRansom Riggs ; ilustraciones de Andrew Davidson ; traducción de Victoria Simó
250 _aPrimera edición
264 1 _aCiudad de México :
_bPenguin Random House Grupo Editorial,
_c©2016
300 _a219 páginas :
_bilustraciones ;
_c22 cm
336 _2rdacontent
_atexto
_btxt
337 _2rdamedia
_asin medio
_bn
338 _2rdacarrier
_avolumen
_bnc
600 1 4 _aNullings, Millard (Personaje ficticio)
650 7 _2armarc
_aAntropofagía
_vNovela
650 7 _2armarc
_aCanibalismo
_vNovelas, cuentos, etc.,
650 7 _2armar
_aCuentos de hadas
650 7 _2armarc
_aCuentos infantiles
_zEstados Unidos
650 7 _2armarc
_aHistorias paranormales
_vNovela
650 7 _2armarc
_aLiteratura infantil (estadounidense)
700 1 _aDavidson, Andrew,
_eilustrador
700 1 _aSimó, Victoria,
_etraductor
765 0 8 _aRiggs, Ransom, 1979-
_tTales of the peculiar.
942 _2ddc
_cLI
_h808.068308738
_iR565
999 _c69053
_d69053